| 000 | | | 04166nac2a22002893x 450 |
| 001 | | | 5f69419a-4ef1-4682-9876-56896c666761 |
| 005 | | | 20210716143439.0 |
| 100 | ## | $a | 20210612l1935 k y0rusy50 ca |
| 101 | 0# | $a | rus |
| 102 | ## | $a | RU |
| 105 | ## | $a | y z ||||| |
| 122 | 0# | $a | d19350129 |
| 200 | 1# | $a | Стенограмма 2-го Заседания VII Съезда Советов СССР. /Утро/ |
| | $j | 29.01.1935 |
| 215 | ## | $a | 139 листов |
| 251 | ## | $c | Дело |
| 300 | ## | $a | Заголовок дела на папке: Стенограмма 2-го Заседания VII-го Съезда Советов Союза ССР. 29 января 1935 года (утро) |
| 300 | ## | $a | Машинописный и рукописный текст |
| 330 | ## | $a | Входит в раздел описи: VII-й Съезд Советов |
| 461 | #0 | $1 | 001796d4672-8a00-4986-b488-6e42273792cc |
| | $1 | 2001 |
| | $a | ЦЕНТРАЛЬНЫЙ ИСПОЛНИТЕЛЬНЫЙ КОМИТЕТ СССР (ЦИК СССР) |
| | $1 | 251 |
| | $c | Фонд |
| | $1 | 852 |
| | $j | 3316 |
| | $g | Р |
| 462 | #0 | $1 | 0012246e4af-064a-4b66-b386-cae0ddb7fb2d |
| | $1 | 2001 |
| | $a | Дела 7-го Съезда Советов и 1-й, 2-й, 3-й, 4-й Сессий 7-го созыва. 1935-1937 гг. |
| | $v | Д. 29 |
| | $1 | 251 |
| | $c | Опись |
| | $1 | 852 |
| | $j | 7 |
| 517 | 1# | $a | Стенограмма 2-го Заседания VII-го Съезда Советов Союза ССР. 29 января 1935 года (утро) |
| 601 | 01 | $3 | RU\NLR\AUTH\880357276 |
| | $a | СССР |
| | $b | ЦИК |
| 601 | 1| | $3 | RU\NLR\AUTH\661048804 |
| | $a | СССР. Съезд советов 7-й |
| 601 | 02 | $a | СССР. Съезд Советов (7). Заседание (2) |
| 801 | #0 | $a | RU |
| | $b | GA_RF |
| 801 | #1 | $a | RU |
| | $b | ГлавНИВЦ |
| | $c | 20210612 |
| | $2 | rusmarc |
| 801 | #2 | $a | RU |
| | $b | ПБ им. Б.Н. Ельцина |
| | $c | 20210716 |
| | $g | RCR |
| | $2 | rusmarc |
| 852 | ## | $a | ГА РФ |
| | $j | 29 |
| 937 | ## | $d | 166266591 |
| | $h | ГАРФ |
| 035 | ## | $a | RuPRLIB51060494 |
| 856 | ## | $u | http://readingroom.main.prlib.ru/item.aspx?id_node=n166266591&mode=full |